La química de lo bello (Record no. 5088)
[ view plain ]
| 000 -CABECERA | |
|---|---|
| campo de control de longitud fija | 03209cam a2200277 i 4500 |
| 001 - NÚMERO DE CONTROL | |
| campo de control | 991061001442306706 |
| 005 - FECHA Y HORA DE LA ÚLTIMA TRANSACCIÓN | |
| campo de control | 20251022162740.0 |
| 008 - DATOS DE LONGITUD FIJA--INFORMACIÓN GENERAL | |
| campo de control de longitud fija | 230623e202303 spca||| ||||| 001|0 spa c |
| 015 ## - NÚMERO DE BIBLIOGRAFÍA NACIONAL | |
| Número de bibliografía nacional | LL2023 |
| Fuente | bnc |
| 020 ## - NÚMERO INTERNACIONAL ESTÁNDAR DEL LIBRO | |
| Número Internacional Estándar del Libro | 9788449340598 |
| 035 ## - NÚMERO DE CONTROL DEL SISTEMA | |
| Número de control de sistema | (OCoLC)1433188541 |
| 040 ## - FUENTE DE LA CATALOGACIÓN | |
| Centro catalogador/agencia de origen | ES-BaGUN |
| Lengua de catalogación | cat |
| Normas de descripción | rda |
| Centro/agencia transcriptor | ES-BaGUN |
| Centro/agencia modificador | ES-BaBC |
| 041 ## - CÓDIGO DE LENGUA | |
| Código de lengua del texto/banda sonora o título independiente | spa |
| 100 ## - ENTRADA PRINCIPAL--NOMBRE DE PERSONA | |
| Nombre de persona | García Bello, Deborah |
| Fechas asociadas al nombre | 1984- |
| Término indicativo de función/relación | author |
| 9 (RLIN) | 26274 |
| 245 13 - MENCIÓN DE TÍTULO | |
| Título | La química de lo bello |
| Resto del título | : un relato científico sobre el arte y las bellezas cotidianas |
| Mención de responsabilidad, etc. | / Deborah García Bello. |
| 250 ## - MENCIÓN DE EDICIÓN | |
| Mención de edición | First edition. |
| 260 ## - PUBLICACIÓN, DISTRIBUCIÓN, ETC. | |
| Lugar de publicación, distribución, etc. | Barcelona : |
| Nombre del editor, distribuidor, etc. | Paidós, |
| Fecha de publicación, distribución, etc. | 2023. |
| 300 ## - DESCRIPCIÓN FÍSICA | |
| Extensión | 311 pages : |
| Otras características físicas | illustrations ; |
| Dimensiones | 24 cm. |
| 490 ## - MENCIÓN DE SERIE | |
| Mención de serie | Paidós contextos |
| 520 ## - SUMARIO, ETC. | |
| Sumario, etc. | El barrio donde crecimos, el graznido de las gaviotas, el cielo rosicler que anticipa un día de sol, el olor de los libros viejos, las fotos en blanco y negro de los abuelos, el mar, las revistas de moda de los sesenta, las flores urbanas o un pupitre con nombres grabados... Todas ellas bellezas cotidianas que a menudo pasan desapercibidas. Deborah García Bello, química y divulgadora galardonada, nos invita a disfrutar del asombro por estas bellezas cotidianas y a saborear con sosiego las bellezas extraordinarias. Desde la felicidad de un día corriente hasta la fascinación por una obra de arte, la autora nos descubre una original investigación en la que el arte se comunica con nosotros a través de sus materiales. Porque saber de química es como andar por la vida con unos ojos que miran a escala atómica. Todo lo bello, lo bueno y lo verdadero se ve más nítido a través del conocimiento científico. Descubriremos el mundo dentro del mundo, lo bello dentro de lo bello, en un relato costumbrista donde la narrativa se mezcla con la divulgación científica, que baja la ciencia y el arte de sus torres de marfil, y que nos revela que lo más deslumbrante se encuentra en la cotidianidad de nuestro entorno. |
| 520 ## - SUMARIO, ETC. | |
| Sumario, etc. | The neighborhood where we grew up, the cry of seagulls, the rosy sky that heralds a sunny day, the smell of old books, black-and-white photos of our grandparents, the sea, 1960s fashion magazines, city flowers, or a school desk carved with names... all are everyday forms of beauty that often go unnoticed.<br/><br/>Deborah García Bello, award-winning chemist and science communicator, invites us to rediscover wonder in these ordinary beauties and to savor extraordinary ones with calm appreciation. From the happiness of an ordinary day to the awe inspired by a work of art, the author reveals an original exploration in which art speaks to us through its materials.<br/><br/>Because knowing chemistry is like walking through life with eyes that see at the atomic scale. Everything beautiful, good, and true becomes clearer through scientific understanding. We discover a world within a world, beauty within beauty, in a narrative that blends daily life with scientific storytelling—bringing science and art down from their ivory towers to show us that the most dazzling things are often found in the everyday world around us. |
| 650 #0 - PUNTO DE ACCESO ADICIONAL DE MATERIA--TÉRMINO DE MATERIA | |
| Término de materia o nombre geográfico como elemento de entrada | Aesthetics |
| 9 (RLIN) | 7380 |
| 650 #0 - PUNTO DE ACCESO ADICIONAL DE MATERIA--TÉRMINO DE MATERIA | |
| Término de materia o nombre geográfico como elemento de entrada | Beauty, Personal |
| 9 (RLIN) | 26275 |
| 650 #0 - PUNTO DE ACCESO ADICIONAL DE MATERIA--TÉRMINO DE MATERIA | |
| Término de materia o nombre geográfico como elemento de entrada | Chemistry |
| Subdivisión de forma | Popular works |
| 9 (RLIN) | 26276 |
| 942 ## - ELEMENTOS DE ENTRADA AGREGADA (KOHA) | |
| Fuente del sistema de clasificación o colocación | Clasificación de Library of Congress |
No items available.

